Orelsan - Chansons par emoji - Statistiques

Statistiques générales
  • Ce quiz a été pris 439 fois
  • Le résultat moyen est 5 sur 10
Statistiques - réponses
Emojis Musique % Correct
🌍🔄🏠 La Terre est ronde
93%
😇💖☁️ Paradis
65%
🎉🚪🔚 La fête est finie
61%
👨‍👩‍👦💔🍷 Défaite de famille
57%
📝⏳💭 Notes pour trop tard
48%
💔🗣️💀 Suicide social
37%
📉🧠🌉 Basique
35%
🌌🛌🤯 Rêves bizarres
32%
🥊🎤🔥 Jimmy Punchline
30%
💃🔥💄 Bonne meuf
21%
Aucun quiz correspondant
Distribution des résultats
% des personnes avec chaque résultat
Percentile par nombre de réponses
Votre historique - résultats
Vous n’avez pas pris ce quiz